Pamätnica Roka Ľudovíta Štúra 2005-2006 /

Další autoři: Pavúková, Oľga, 1944-2016, Válek, Igor, 1967-
Jazyk: Slovenština
Vydáno: Martin : Matica slovenská, c2007
Témata:
Fyzický popis: 187 s. : il. (některé barev.), portréty, faksim. ; 22 cm
Knihy
Uloženo v:
LEADER 01727nam a2200445 a 4500
001 000896562
003 CZ BrMZK
005 20080619145923.0
007 ta
008 080512s2007 xo ach e 010 0dslo
020 |a 978-80-7090-834-1  |q (váz.) 
040 |a BOA001  |b cze 
043 |a e-xo--- 
072 7 |a 930.85  |x Dějiny civilizace. Kulturní dějiny  |2 Konspekt  |9 8 
080 |a 32-051  |2 MRF 
080 |a 81'1-051  |2 MRF 
080 |a 821.162.4-051  |2 MRF 
080 |a 930.85  |2 MRF 
080 |a 394.46  |2 MRF 
080 |a (437.6)  |2 MRF 
080 |a (062.552)  |2 MRF 
245 0 0 |a Pamätnica Roka Ľudovíta Štúra 2005-2006 /  |c zostavili Oľga Pavúková, Igor Válek 
260 |a Martin :  |b Matica slovenská,  |c c2007 
300 |a 187 s. :  |b il. (některé barev.), portréty, faksim. ;  |c 22 cm 
541 |a Martin, Slovenská národná knižnica 
600 1 7 |a Štúr, Ľudovít,  |d 1815-1856  |7 jn20000701772  |2 czenas 
611 2 7 |a Rok Ľudovíta Štúra  |d (2005-2006 :  |c Uhrovec, Slovensko atd.)  |7 kn20070903006  |2 czenas 
648 7 |a 19. století  |7 ch460557  |2 czenas 
650 0 7 |a politici  |7 ph115781  |z Slovensko  |y 19. stol.  |2 czenas 
650 0 7 |a lingvisté  |7 ph115154  |z Slovensko  |y 19. stol.  |2 czenas 
650 0 7 |a slovenští spisovatelé  |7 ph125683  |y 19. stol.  |2 czenas 
650 0 7 |a národní obrození  |7 ph123437  |z Slovensko  |2 czenas 
650 0 7 |a výročí  |7 ph116704  |2 czenas 
655 7 |a sborníky  |7 fd163935  |2 czenas 
700 1 |a Pavúková, Oľga,  |d 1944-2016  |7 mzk2006354189  |4 com 
700 1 |a Válek, Igor,  |d 1967-  |7 mzk2002148020  |4 com 
910 2 |a BOA001  |b 2-1202.831 
990 |a BK 
991 |b 200806  |c NOV 
996 7 |b 2610343503  |c 2-1202.831  |l MZK  |r Sklad / do 1 hodiny  |n 0  |p vým.  |w 000896562  |u 000010  |a 1  |e BOA001  |j MZK50  |s A